000 00688 a2200205 4500
010 _aENG-89233
020 _a8181980271
_c395.00
035 _aEN-72766
037 _bDBAD / PUB
082 1 4 _a350.001
090 _c10604
_d10604
100 1 _aSaxena, K.K.
245 1 _aBureaucracy for public or hostages of power /
_cby K.K. Saxena
260 _aJaipur
_bUniversity Book House
_c2007
270 _a79, Chaura Rasta, Jaipur
_bJaipur
_e302 003
300 _av, 128p.
_c22cm (Hb)
500 _aIncludes bibliographical references and index
942 _adpl
_cEN
_k350.001 / SAX
999 _c10321
_d10321